[Event "GER-ch Youth U14 2019"]
[Site "Willingen"]
[Date "2019.06.14"]
[Round "8.9"]
[White "Roehr, Oliver"]
[Black "Deutsch, Christoph"]
[Result "1/2-1/2"]
[WhiteElo "1960"]
[BlackElo "1937"]
[Annotator "NA"]
[PlyCount "81"]
[EventDate "2019.06.07"]
[EventType "swiss"]
[EventRounds "9"]
[EventCountry "GER"]
[SourceTitle "playchess.com"]
[Source "ChessBase"]
[SourceQuality "1"]
[TimeControl "40/5400+30:1800+30"]

1. e4 {[%emt 0:00:00]} e5 {[%emt 0:00:00]} 2. Nf3 {[%emt 0:00:00]} Nc6 {[%emt 0:00:00]} 3. d4 {[%emt 0:00:00]} exd4 {[%emt 0:00:10]} 4. Nxd4 {[%emt 0:00:00]} g6 {[%emt 0:00:05]} 5. Nxc6 {[%emt 0:04:43]} bxc6 {[%emt 0:00:58]} 6. Bd3 {[%emt 0:02:00]} Bg7 {[%emt 0:01:11]} 7. O-O {[%emt 0:00:53]} Ne7 {[%emt 0:02:32]} 8. c4 {[%emt 0:04:24]} O-O {[%emt 0:01:04]} 9. Nc3 {[%emt 0:02:47]} d6 {[%emt 0:01:45]} 10. Qc2 {[%emt 0:16:15]} f5 {[%emt 0:06:31]} 11. exf5 {[%emt 0:08:45]} Bxf5 {[%emt 0:05:45]} 12. Bg5 {[%emt 0:02:12]} Qd7 {[%emt 0:03:44]} 13. Bxe7 {[%emt 0:04:18]} Qxe7 {[%emt 0:01:25]} 14. Rae1 {[%emt 0:05:40]} Qd7 {[%emt 0:01:56]} 15. Bxf5 {[%emt 0:03:59]} Rxf5 {[%emt 0:00:46]} 16. Re2 {[%emt 0:11:56]} Raf8 {[%emt 0:05:33]} 17. f3 {[%emt 0:02:54]} Re8 {[%emt 0:09:11]} 18. Rfe1 {[%emt 0:02:16]} Bd4+ {[%emt 0:02:08]} 19. Kh1 {[%emt 0:00:27]} Rfe5 {[%emt 0:01:33]} 20. Rxe5 {[%emt 0:07:07]} Rxe5 {[%emt 0:02:56]} 21. Rxe5 {[%emt 0:02:08]} Bxe5 {[%emt 0:00:18]} 22. g3 {[%emt 0:06:32]} Qh3 {[%emt 0:04:02]} 23. Qg2 {[%emt 0:05:16]} Qxg2+ {[%emt 0:08:35]} 24. Kxg2 {[%emt 0:00:02]} Kf7 {[%emt 0:00:10]} 25. Nd1 {[%emt 0:01:00]} Bd4 {[%emt 0:01:19]} 26. f4 {[%emt 0:00:13]} Ke6 {[%emt 0:01:48]} 27. Kf3 {[%emt 0:00:11]} c5 {[%emt 0:02:32]} 28. h3 {[%emt 0:03:09]} c6 {[%emt 0:01:15]} 29. Ke4 {[%emt 0:00:39]} d5+ {[%emt 0:00:53]} 30. Kd3 {[%emt 0:00:28]} Kf5 {[%emt 0:06:17]} 31. Ne3+ {[%emt 0:02:09]} Bxe3 {[%emt 0:00:18]} 32. Kxe3 {[%emt 0:00:05]} h5 {[%emt 0:02:38]} 33. Kf3 {[%emt 0:01:18]} a5 {[%emt 0:04:50]} 34. g4+ {[%emt 0:00:40]} hxg4+ {[%emt 0:00:29]} 35. hxg4+ {[%emt 0:00:01]} Ke6 {[%emt 0:00:15]} 36. b3 {[%emt 0:01:22]} Kf6 {[%emt 0:02:03]} 37. Ke3 {[%emt 0:01:50]} Ke6 {[%emt 0:00:56]} 38. Kd3 {[%emt 0:00:49]} d4 {[%emt 0:00:25]} 39. Ke4 {[%emt 0:00:11]} Kf6 {[%emt 0:00:19]} 40. Kd3 {[%emt 0:00:20]} Ke6 {[%emt 0:00:15]} 41. Ke4 {[%emt 0:10:18] normal Ke5+} 1/2-1/2

[Event "GER-ch Youth U14 2019"]
[Site "Willingen"]
[Date "2019.06.14"]
[Round "8.10"]
[White "Haack, Kevin"]
[Black "Schubert, Nikita"]
[Result "1/2-1/2"]
[WhiteElo "2033"]
[BlackElo "1806"]
[Annotator "NA"]
[PlyCount "84"]
[EventDate "2019.06.07"]
[EventType "swiss"]
[EventRounds "9"]
[EventCountry "GER"]
[SourceTitle "playchess.com"]
[Source "ChessBase"]
[SourceQuality "1"]
[TimeControl "40/5400+30:1800+30"]

1. c4 {[%emt 0:00:00]} Nf6 {[%emt 0:00:00]} 2. Nc3 {[%emt 0:00:00]} e6 {[%emt 0:00:00]} 3. e4 {[%emt 0:00:00]} d5 {[%emt 0:00:00]} 4. cxd5 {[%emt 0:00:00]} exd5 {[%emt 0:00:08]} 5. e5 {[%emt 0:00:00]} Ne4 {[%emt 0:00:10]} 6. Nf3 {[%emt 0:00:00]} Bf5 {[%emt 0:00:16]} 7. d3 {[%emt 0:00:25]} Nxc3 {[%emt 0:00:43]} 8. bxc3 {[%emt 0:00:02]} c5 {[%emt 0:00:13]} 9. d4 {[%emt 0:00:08]} Nc6 {[%emt 0:00:21]} 10. Bd3 {[%emt 0:04:13]} Bxd3 {[%emt 0:00:15]} 11. Qxd3 {[%emt 0:00:08]} cxd4 {[%emt 0:00:05]} 12. cxd4 {[%emt 0:01:48]} Bb4+ {[%emt 0:00:08]} 13. Bd2 {[%emt 0:01:50]} O-O {[%emt 0:06:50]} 14. O-O {[%emt 0:01:11]} Be7 {[%emt 0:11:51]} 15. Rab1 {[%emt 0:01:21]} Qd7 {[%emt 0:02:06]} 16. Bc3 {[%emt 0:06:19]} Rab8 {[%emt 0:12:26]} 17. a4 {[%emt 0:04:24]} Bd8 {[%emt 0:13:20]} 18. Nd2 {[%emt 0:05:14]} a6 {[%emt 0:11:17]} 19. Nb3 {[%emt 0:03:01]} Be7 {[%emt 0:03:23]} 20. a5 {[%emt 0:04:46]} Rfc8 {[%emt 0:05:28]} 21. Qd2 {[%emt 0:03:30]} Qd8 {[%emt 0:04:05]} 22. Kh1 {[%emt 0:04:53]} b6 {[%emt 0:10:55]} 23. axb6 {[%emt 0:03:13]} Qxb6 {[%emt 0:02:34]} 24. f4 {[%emt 0:03:20]} Bb4 {[%emt 0:06:28]} 25. Bxb4 {[%emt 0:07:01]} Qxb4 {[%emt 0:00:45]} 26. Qd3 {[%emt 0:05:43]} Qb5 {[%emt 0:02:07]} 27. Qe3 {[%emt 0:05:50]} Na5 {[%emt 0:03:06]} 28. Nd2 {[%emt 0:00:59]} Nc4 {[%emt 0:00:39]} 29. Qd3 {[%emt 0:08:07]} Qc6 {[%emt 0:00:59]} 30. Nxc4 {[%emt 0:07:20]} Qxc4 {[%emt 0:01:50]} 31. Qxc4 {[%emt 0:02:47]} dxc4 {[%emt 0:00:15]} 32. Rxb8 {[%emt 0:02:15]} Rxb8 {[%emt 0:00:05]} 33. Rc1 {[%emt 0:00:14]} Rc8 {[%emt 0:02:39]} 34. Kg1 {[%emt 0:02:25]} Kf8 {[%emt 0:00:43]} 35. Kf2 {[%emt 0:00:41]} Ke7 {[%emt 0:00:36]} 36. d5 {[%emt 0:02:14]} Rc5 {[%emt 0:00:30]} 37. d6+ {[%emt 0:04:27]} Ke6 {[%emt 0:00:30]} 38. Rd1 {[%emt 0:00:38]} Rc8 {[%emt 0:00:31]} 39. Ke3 {[%emt 0:01:08]} f6 {[%emt 0:00:34]} 40. d7 {[%emt 0:06:53]} Rd8 {[%emt 0:00:10]} 41. Rd6+ {[%emt 0:05:45]} Ke7 {[%emt 0:04:23]} 42. Rxa6 {[%emt 0:01:45]} fxe5 {[%emt 0:05:02] normal} 1/2-1/2

[Event "GER-ch Youth U14 2019"]
[Site "Willingen"]
[Date "2019.06.14"]
[Round "8.11"]
[White "Simukov, Erik"]
[Black "Kosev, Momchil"]
[Result "0-1"]
[WhiteElo "1904"]
[BlackElo "1827"]
[Annotator "NA"]
[PlyCount "50"]
[EventDate "2019.06.07"]
[EventType "swiss"]
[EventRounds "9"]
[EventCountry "GER"]
[SourceTitle "playchess.com"]
[Source "ChessBase"]
[SourceQuality "1"]
[TimeControl "40/5400+30:1800+30"]

1. e4 {[%emt 0:00:00]} c5 {[%emt 0:00:00]} 2. Nf3 {[%emt 0:00:00]} d6 {[%emt 0:00:00]} 3. d4 {[%emt 0:00:00]} cxd4 {[%emt 0:00:00]} 4. Nxd4 {[%emt 0:00:04]} Nf6 {[%emt 0:00:00]} 5. Nc3 {[%emt 0:00:20]} a6 {[%emt 0:00:00]} 6. Be2 {[%emt 0:00:30]} e5 {[%emt 0:00:00]} 7. Nb3 {[%emt 0:00:20]} Be7 {[%emt 0:00:26]} 8. O-O {[%emt 0:00:48]} O-O {[%emt 0:00:14]} 9. Kh1 {[%emt 0:01:38]} b5 {[%emt 0:06:15]} 10. a4 {[%emt 0:01:06]} Bb7 {[%emt 0:01:08]} 11. Nd5 {[%emt 0:01:13]} Bxd5 {[%emt 0:03:22]} 12. exd5 {[%emt 0:00:20]} b4 {[%emt 0:00:05]} 13. a5 {[%emt 0:02:17]} Qc7 {[%emt 0:03:27]} 14. Be3 {[%emt 0:06:30]} Rc8 {[%emt 0:03:44]} 15. Rc1 {[%emt 0:01:36]} Qb7 {[%emt 0:03:37]} 16. c4 {[%emt 0:07:57]} bxc3 {[%emt 0:04:02]} 17. bxc3 {[%emt 0:00:17]} Qxd5 {[%emt 0:00:34]} 18. Qxd5 {[%emt 0:00:08]} Nxd5 {[%emt 0:00:01]} 19. Bf3 {[%emt 0:00:10]} Nxe3 {[%emt 0:00:03]} 20. Bxa8 {[%emt 0:00:14]} Nxf1 {[%emt 0:00:05]} 21. Kg1 {[%emt 0:06:37]} Nd7 {[%emt 0:00:57]} 22. Bf3 {[%emt 0:04:33]} Rb8 {[%emt 0:00:37]} 23. Bd1 {[%emt 0:01:31]} Bg5 {[%emt 0:03:15]} 24. Rb1 {[%emt 0:00:09]} Nd2 {[%emt 0:00:07]} 25. Nxd2 {[%emt 0:00:07]} Bxd2 {[%emt 0:00:03] normal} 0-1

[Event "GER-ch Youth U14 2019"]
[Site "Willingen"]
[Date "2019.06.14"]
[Round "8.12"]
[White "Weidenhoefer, Max"]
[Black "Tham, Nam"]
[Result "1-0"]
[WhiteElo "1787"]
[BlackElo "1993"]
[Annotator "NA"]
[PlyCount "89"]
[EventDate "2019.06.07"]
[EventType "swiss"]
[EventRounds "9"]
[EventCountry "GER"]
[SourceTitle "playchess.com"]
[Source "ChessBase"]
[SourceQuality "1"]
[TimeControl "40/5400+30:1800+30"]

1. e4 {[%emt 0:00:00]} e5 {[%emt 0:00:00]} 2. Nf3 {[%emt 0:00:00]} Nc6 {[%emt 0:00:00]} 3. Bc4 {[%emt 0:00:00]} Bc5 {[%emt 0:00:02]} 4. c3 {[%emt 0:00:00]} Nf6 {[%emt 0:00:07]} 5. d3 {[%emt 0:00:00]} d6 {[%emt 0:00:10]} 6. Bb3 {[%emt 0:00:02]} a6 {[%emt 0:00:05]} 7. Nbd2 {[%emt 0:00:32]} Ba7 {[%emt 0:00:07]} 8. O-O {[%emt 0:02:25]} O-O {[%emt 0:00:27]} 9. Re1 {[%emt 0:00:09]} Ng4 {[%emt 0:01:52]} 10. Re2 {[%emt 0:03:31]} h6 {[%emt 0:02:48]} 11. Nf1 {[%emt 0:11:22]} Be6 {[%emt 0:08:01]} 12. Bxe6 {[%emt 0:07:56]} fxe6 {[%emt 0:00:06]} 13. Ne3 {[%emt 0:00:31]} Nf6 {[%emt 0:03:56]} 14. Nf1 {[%emt 0:07:09]} d5 {[%emt 0:09:21]} 15. exd5 {[%emt 0:09:06]} exd5 {[%emt 0:00:38]} 16. Nxe5 {[%emt 0:04:06]} Nxe5 {[%emt 0:03:53]} 17. Rxe5 {[%emt 0:00:02]} Bxf2+ {[%emt 0:00:19]} 18. Kh1 {[%emt 0:00:07]} d4 {[%emt 0:02:26]} 19. Rf5 {[%emt 0:05:20]} Nd5 {[%emt 0:09:45]} 20. Qf3 {[%emt 0:05:56]} Rxf5 {[%emt 0:01:09]} 21. Qxf5 {[%emt 0:00:07]} Bh4 {[%emt 0:00:41]} 22. c4 {[%emt 0:01:44]} Ne7 {[%emt 0:03:22]} 23. Qe6+ {[%emt 0:02:25]} Kh8 {[%emt 0:00:06]} 24. Bxh6 {[%emt 0:03:10]} Qf8 {[%emt 0:04:09]} 25. Qe4 {[%emt 0:05:11]} Qf6 {[%emt 0:06:04]} 26. Bf4 {[%emt 0:12:18]} Rf8 {[%emt 0:00:55]} 27. g3 {[%emt 0:02:42]} Bg5 {[%emt 0:01:27]} 28. Bxg5 {[%emt 0:00:45]} Qxg5 {[%emt 0:00:04]} 29. Kg2 {[%emt 0:00:42]} Nf5 {[%emt 0:02:02]} 30. Re1 {[%emt 0:03:58]} c5 {[%emt 0:02:20]} 31. Re2 {[%emt 0:03:08]} Qf6 {[%emt 0:09:36]} 32. Kg1 {[%emt 0:04:13]} Nd6 {[%emt 0:03:06]} 33. Qg2 {[%emt 0:00:22]} b5 {[%emt 0:02:12]} 34. b3 {[%emt 0:00:46]} Nf7 {[%emt 0:04:18]} 35. Rf2 {[%emt 0:01:59]} Qe7 {[%emt 0:02:13]} 36. Qf3 {[%emt 0:00:27]} Kg8 {[%emt 0:00:23]} 37. Qc6 {[%emt 0:00:58]} Ne5 {[%emt 0:02:48]} 38. Rxf8+ {[%emt 0:02:01]} Kxf8 {[%emt 0:00:53]} 39. Qe4 {[%emt 0:01:15]} Kg8 {[%emt 0:04:48]} 40. Kg2 {[%emt 0:00:31]} g5 {[%emt 0:06:20]} 41. Nd2 {[%emt 0:06:05]} g4 {[%emt 0:01:52]} 42. Kf2 {[%emt 0:01:07]} Qg5 {[%emt 0:02:46]} 43. Ke2 {[%emt 0:02:11]} Kg7 {[%emt 0:01:02]} 44. Kd1 {[%emt 0:02:41]} Qh5 {[%emt 0:00:48]} 45. Qb7+ {[%emt 0:04:23] normal} 1-0

[Event "GER-ch Youth U14 2019"]
[Site "Willingen"]
[Date "2019.06.14"]
[Round "8.13"]
[White "Sinnhoefer, Joshua"]
[Black "Matthaei, Jakob"]
[Result "1/2-1/2"]
[WhiteElo "1466"]
[BlackElo "1666"]
[Annotator "NA"]
[PlyCount "37"]
[EventDate "2019.06.07"]
[EventType "swiss"]
[EventRounds "9"]
[EventCountry "GER"]
[SourceTitle "playchess.com"]
[Source "ChessBase"]
[SourceQuality "1"]
[TimeControl "40/5400+30:1800+30"]

1. e4 {[%emt 0:21:46]} e5 {[%emt 0:00:00]} 2. f4 {[%emt 0:00:06]} exf4 {[%emt 0:00:00]} 3. Nf3 {[%emt 0:00:06]} Ne7 {[%emt 0:00:20]} 4. d4 {[%emt 0:00:07]} d5 {[%emt 0:00:15]} 5. Nc3 {[%emt 0:00:40]} dxe4 {[%emt 0:00:23]} 6. Nxe4 {[%emt 0:00:07]} Nd5 {[%emt 0:02:38]} 7. Bd3 {[%emt 0:01:05]} Be7 {[%emt 0:00:56]} 8. O-O {[%emt 0:02:50]} O-O {[%emt 0:00:41]} 9. a3 {[%emt 0:01:39]} Ne3 {[%emt 0:07:57]} 10. Bxe3 {[%emt 0:00:13]} fxe3 {[%emt 0:00:02]} 11. Qe2 {[%emt 0:01:34]} f5 {[%emt 0:04:27]} 12. Bc4+ {[%emt 0:00:26]} Kh8 {[%emt 0:00:14]} 13. Nc3 {[%emt 0:02:24]} f4 {[%emt 0:11:16]} 14. Ne5 Qe8 {[%emt 0:01:30]} 15. Nd5 {[%emt 0:06:56]} Bd6 {[%emt 0:00:40]} 16. Nxf4 {[%emt 0:01:40]} Nc6 {[%emt 0:07:02]} 17. Qxe3 {[%emt 0:06:56]} Bf5 {[%emt 0:01:37]} 18. Nfd3 {[%emt 0:05:05] normal} Nxe5 {[%emt 0:11:44]} 19. Nxe5 {[%emt 0:03:20] normal} 1/2-1/2

[Event "GER-ch Youth U14 2019"]
[Site "Willingen"]
[Date "2019.06.14"]
[Round "8.14"]
[White "Schulemann, Gero"]
[Black "Bress, Aaron"]
[Result "1-0"]
[WhiteElo "1862"]
[BlackElo "1849"]
[Annotator "NA"]
[PlyCount "76"]
[EventDate "2019.06.07"]
[EventType "swiss"]
[EventRounds "9"]
[EventCountry "GER"]
[SourceTitle "playchess.com"]
[Source "ChessBase"]
[SourceQuality "1"]
[TimeControl "40/5400+30:1800+30"]

1. e4 {[%emt 0:00:00]} c6 {[%emt 0:00:00]} 2. d4 {[%emt 0:00:00]} d5 {[%emt 0:00:00]} 3. exd5 {[%emt 0:00:00]} cxd5 {[%emt 0:00:04]} 4. c4 {[%emt 0:00:00]} Nf6 {[%emt 0:00:48]} 5. Nc3 {[%emt 0:00:51]} Nc6 {[%emt 0:01:33]} 6. c5 {[%emt 0:07:59]} g6 {[%emt 0:18:17]} 7. Nf3 {[%emt 0:04:00]} Bg7 {[%emt 0:06:41]} 8. h3 {[%emt 0:03:35]} O-O {[%emt 0:03:37]} 9. Be2 {[%emt 0:02:23]} b6 {[%emt 0:14:27]} 10. Bb5 {[%emt 0:05:54]} Bb7 {[%emt 0:04:33]} 11. Bxc6 {[%emt 0:02:01]} Bxc6 {[%emt 0:00:10]} 12. b4 {[%emt 0:00:35]} bxc5 {[%emt 0:12:49]} 13. bxc5 {[%emt 0:01:01]} Ne4 {[%emt 0:03:30]} 14. Ne2 {[%emt 0:07:56]} e5 {[%emt 0:07:45]} 15. O-O {[%emt 0:02:28]} Qa5 {[%emt 0:06:22]} 16. Be3 {[%emt 0:05:46]} Ba4 {[%emt 0:04:45]} 17. Qd3 {[%emt 0:03:58]} Bb5 {[%emt 0:01:32]} 18. Qc2 {[%emt 0:01:09]} Ba4 {[%emt 0:00:51]} 19. Qb2 {[%emt 0:01:45]} exd4 {[%emt 0:02:23]} 20. Bxd4 {[%emt 0:02:47]} Bxd4 {[%emt 0:00:43]} 21. Qxd4 {[%emt 0:00:10]} Nxc5 {[%emt 0:02:37]} 22. Qxd5 {[%emt 0:00:20]} Rad8 {[%emt 0:01:26]} 23. Qg5 {[%emt 0:02:15]} Nb7 {[%emt 0:03:01]} 24. Qh6 {[%emt 0:01:27]} f6 {[%emt 0:01:26]} 25. Nf4 {[%emt 0:00:58]} Bc2 {[%emt 0:00:58]} 26. Ne6 {[%emt 0:00:19]} Rf7 {[%emt 0:00:57]} 27. Nxd8 {[%emt 0:00:06]} Qxd8 {[%emt 0:00:30]} 28. Rfe1 {[%emt 0:00:52]} Nd6 {[%emt 0:00:23]} 29. Nd4 {[%emt 0:00:22]} Be4 {[%emt 0:01:19]} 30. Rac1 {[%emt 0:01:14]} Nf5 {[%emt 0:00:49]} 31. Nxf5 {[%emt 0:00:29]} Bxf5 {[%emt 0:00:07]} 32. Rcd1 {[%emt 0:00:38]} Qc8 {[%emt 0:00:47]} 33. Qe3 {[%emt 0:00:28]} Kg7 {[%emt 0:00:31]} 34. Qa3 {[%emt 0:01:06]} Qc2 {[%emt 0:00:42]} 35. Rc1 {[%emt 0:00:14]} Qd2 {[%emt 0:00:31]} 36. Qc5 {[%emt 0:00:33]} Qxa2 {[%emt 0:00:26]} 37. Ra1 {[%emt 0:01:30]} Qd2 {[%emt 0:00:29]} 38. Re7 {[%emt 0:00:19]} Qd3 {[%emt 0:00:40] normal} 1-0

[Event "GER-ch Youth U14 2019"]
[Site "Willingen"]
[Date "2019.06.14"]
[Round "8.15"]
[White "Haufe, Laurin"]
[Black "Roste, Hugo"]
[Result "1-0"]
[WhiteElo "1995"]
[BlackElo "1287"]
[Annotator "NA"]
[PlyCount "113"]
[EventDate "2019.06.07"]
[EventType "swiss"]
[EventRounds "9"]
[EventCountry "GER"]
[SourceTitle "playchess.com"]
[Source "ChessBase"]
[SourceQuality "1"]
[TimeControl "40/5400+30:1800+30"]

1. e4 {[%emt 0:00:00]} c5 {[%emt 0:00:00]} 2. Nf3 {[%emt 0:00:00]} Nc6 {[%emt 0:00:00]} 3. Nc3 {[%emt 0:00:46]} e6 {[%emt 0:00:39]} 4. d4 {[%emt 0:00:21]} cxd4 {[%emt 0:00:22]} 5. Nxd4 {[%emt 0:00:07]} a6 {[%emt 0:00:29]} 6. Be3 {[%emt 0:00:44]} Qc7 {[%emt 0:01:10]} 7. Be2 {[%emt 0:02:10]} Nf6 {[%emt 0:01:05]} 8. a3 {[%emt 0:01:50]} Be7 {[%emt 0:01:30]} 9. O-O {[%emt 0:01:12]} O-O {[%emt 0:01:15]} 10. f4 {[%emt 0:02:38]} d6 {[%emt 0:03:19]} 11. Kh1 {[%emt 0:04:46]} b5 {[%emt 0:02:09]} 12. Bf3 {[%emt 0:14:14]} Bb7 {[%emt 0:04:18]} 13. Nxc6 {[%emt 0:06:55]} Bxc6 {[%emt 0:01:47]} 14. Qe2 {[%emt 0:01:39]} Qb7 {[%emt 0:02:19]} 15. Bg1 {[%emt 0:06:03]} Rfd8 {[%emt 0:14:28]} 16. Rfe1 {[%emt 0:06:59]} d5 {[%emt 0:08:27]} 17. e5 {[%emt 0:02:30]} Nd7 {[%emt 0:00:52]} 18. Na2 {[%emt 0:08:15]} Nb6 {[%emt 0:02:28]} 19. c3 {[%emt 0:02:01]} a5 {[%emt 0:03:06]} 20. Nc1 {[%emt 0:10:11]} Nc4 {[%emt 0:01:39]} 21. Nb3 {[%emt 0:01:47]} h6 {[%emt 0:08:19]} 22. Nc5 {[%emt 0:09:28]} Qc7 {[%emt 0:02:38]} 23. b4 {[%emt 0:03:18]} a4 {[%emt 0:01:35]} 24. Red1 {[%emt 0:01:51]} Nb6 {[%emt 0:03:58]} 25. Bd4 {[%emt 0:02:14]} Nd7 {[%emt 0:03:26]} 26. Nxd7 {[%emt 0:00:08]} Bxd7 {[%emt 0:00:34]} 27. Qf2 {[%emt 0:00:34]} Rdc8 {[%emt 0:01:29]} 28. Be2 {[%emt 0:00:46]} Qc6 {[%emt 0:01:14]} 29. Bd3 {[%emt 0:00:50]} Bd8 {[%emt 0:02:04]} 30. Rac1 {[%emt 0:00:57]} Ra6 {[%emt 0:01:02]} 31. Qe3 {[%emt 0:01:08]} Bb6 {[%emt 0:01:20]} 32. Rc2 {[%emt 0:01:09]} Qb7 {[%emt 0:02:23]} 33. Rdc1 {[%emt 0:00:56]} Bxd4 {[%emt 0:00:56]} 34. cxd4 {[%emt 0:00:55]} Rac6 {[%emt 0:02:12]} 35. Rc5 {[%emt 0:01:08]} Rxc5 {[%emt 0:01:16]} 36. Rxc5 {[%emt 0:00:28]} Rxc5 {[%emt 0:00:33]} 37. dxc5 {[%emt 0:00:05]} Bc6 {[%emt 0:01:31]} 38. Kg1 {[%emt 0:00:23]} Qe7 {[%emt 0:02:20]} 39. g3 {[%emt 0:01:36]} Qd7 {[%emt 0:02:03]} 40. Qd4 {[%emt 0:00:15]} Kf8 {[%emt 0:02:49]} 41. Kf2 {[%emt 0:30:32]} Kg8 {[%emt 0:36:22]} 42. Ke1 {[%emt 0:01:02]} Kf8 {[%emt 0:02:25]} 43. Kd2 {[%emt 0:00:07]} Kg8 {[%emt 0:02:17]} 44. Kc3 {[%emt 0:00:05]} Kf8 {[%emt 0:01:23]} 45. Qe3 {[%emt 0:00:24]} Kg8 {[%emt 0:01:37]} 46. Kd4 {[%emt 0:01:03]} Qe7 {[%emt 0:00:00]} 47. Qe2 {[%emt 0:00:00]} Qe8 {[%emt 0:00:00]} 48. Qg4 {[%emt 0:00:00]} Qe7 {[%emt 0:00:00]} 49. Qe2 {[%emt 0:00:00]} Qe8 {[%emt 0:00:00]} 50. h4 {[%emt 0:00:00]} g6 {[%emt 0:00:00]} 51. Qg4 {[%emt 0:00:00]} Kg7 {[%emt 0:00:00]} 52. h5 {[%emt 0:00:00]} Bd7 {[%emt 0:00:00]} 53. Qh4 {[%emt 0:00:00]} Bc6 {[%emt 0:00:00]} 54. Qf6+ {[%emt 0:00:00]} Kh7 {[%emt 0:00:00]} 55. g4 {[%emt 0:00:00]} Bd7 {[%emt 0:00:00] normal} 56. f5 {[%emt 0:00:00]} exf5 {[%emt 0:00:00]} 57. hxg6+ {[%emt 0:00:00] normal} 1-0

[Event "GER-ch Youth U14 2019"]
[Site "Willingen"]
[Date "2019.06.14"]
[Round "8.16"]
[White "Elsner, Robert"]
[Black "Schauties, Nico Antonio"]
[Result "0-1"]
[WhiteElo "1745"]
[BlackElo "1866"]
[Annotator "NA"]
[PlyCount "49"]
[EventDate "2019.06.07"]
[EventType "swiss"]
[EventRounds "9"]
[EventCountry "GER"]
[SourceTitle "playchess.com"]
[Source "ChessBase"]
[SourceQuality "1"]
[TimeControl "40/5400+30:1800+30"]

1. Nf3 {[%emt 0:22:20]} c5 {[%emt 0:00:00]} 2. e4 {[%emt 0:00:03]} d6 {[%emt 0:00:00]} 3. d4 {[%emt 0:00:03]} cxd4 {[%emt 0:00:01]} 4. Nxd4 {[%emt 0:00:03]} Nf6 {[%emt 0:00:12]} 5. Nc3 {[%emt 0:00:08]} a6 {[%emt 0:00:08]} 6. Be3 {[%emt 0:00:06]} e6 {[%emt 0:00:11]} 7. f3 {[%emt 0:00:15]} b5 {[%emt 0:00:13]} 8. Qd2 {[%emt 0:00:33]} Bb7 {[%emt 0:00:10]} 9. g4 {[%emt 0:02:37]} h6 {[%emt 0:00:12]} 10. Be2 {[%emt 0:03:55]} Nbd7 {[%emt 0:01:36]} 11. O-O-O {[%emt 0:02:02]} b4 {[%emt 0:04:35]} 12. Nb1 {[%emt 0:00:03]} d5 {[%emt 0:00:17]} 13. exd5 {[%emt 0:01:15]} Nxd5 {[%emt 0:00:23]} 14. Rhe1 {[%emt 0:20:07]} Nxe3 {[%emt 0:04:20]} 15. Qxe3 {[%emt 0:00:10]} Bc5 {[%emt 0:06:56]} 16. Bc4 {[%emt 0:18:36]} Qb6 {[%emt 0:02:36]} 17. Qf4 {[%emt 0:08:42]} O-O-O {[%emt 0:03:57]} 18. Nb3 {[%emt 0:07:01]} Bf2 {[%emt 0:11:50]} 19. Re2 {[%emt 0:03:16]} Nf6 {[%emt 0:01:04]} 20. Rdd2 {[%emt 0:01:01]} Bh4 {[%emt 0:00:41]} 21. Bxe6+ {[%emt 0:03:19]} fxe6 {[%emt 0:00:30]} 22. Qc4+ {[%emt 0:00:11]} Kb8 {[%emt 0:01:07]} 23. Nd4 {[%emt 0:03:53]} Bg5 {[%emt 0:01:50]} 24. c3 {[%emt 0:01:11]} Bd5 {[%emt 0:02:53]} 25. Qd3 {[%emt 0:00:40] normal} 0-1

[Event "GER-ch Youth U14 2019"]
[Site "Willingen"]
[Date "2019.06.14"]
[Round "8.17"]
[White "Seng, Alexander"]
[Black "Evering, Soeren"]
[Result "0-1"]
[WhiteElo "1505"]
[BlackElo "1879"]
[Annotator "NA"]
[PlyCount "89"]
[EventDate "2019.06.07"]
[EventType "swiss"]
[EventRounds "9"]
[EventCountry "GER"]
[SourceTitle "playchess.com"]
[Source "ChessBase"]
[SourceQuality "1"]
[TimeControl "40/5400+30:1800+30"]

1. d4 {[%emt 0:00:00]} Nf6 {[%emt 0:00:00]} 2. Nf3 {[%emt 0:00:00]} d5 {[%emt 0:00:17]} 3. c4 {[%emt 0:00:08]} e6 {[%emt 0:00:06]} 4. Bf4 {[%emt 0:05:27]} Bb4+ {[%emt 0:03:21]} 5. Bd2 {[%emt 0:04:38]} Bxd2+ {[%emt 0:06:54]} 6. Qxd2 {[%emt 0:01:55]} O-O {[%emt 0:02:32]} 7. Nc3 {[%emt 0:02:01]} b6 {[%emt 0:01:05]} 8. cxd5 {[%emt 0:01:25]} exd5 {[%emt 0:00:51]} 9. e3 {[%emt 0:00:25]} Bb7 {[%emt 0:00:53]} 10. Be2 {[%emt 0:04:10]} Nbd7 {[%emt 0:00:45]} 11. b4 {[%emt 0:07:43]} Qe7 {[%emt 0:02:00]} 12. Rb1 {[%emt 0:01:10]} Ne4 {[%emt 0:02:36]} 13. Qc2 {[%emt 0:02:02]} a5 {[%emt 0:12:46]} 14. b5 {[%emt 0:04:02]} Rac8 {[%emt 0:04:07]} 15. Qb3 {[%emt 0:13:01]} c5 {[%emt 0:09:50]} 16. O-O {[%emt 0:11:16]} Ndf6 {[%emt 0:23:41]} 17. Nxe4 {[%emt 0:07:22]} Nxe4 {[%emt 0:01:39]} 18. Qa3 {[%emt 0:00:40]} Rc7 {[%emt 0:02:18]} 19. Bd3 {[%emt 0:04:52]} Qf6 {[%emt 0:05:34]} 20. Rfc1 {[%emt 0:02:03]} Rfc8 {[%emt 0:01:46]} 21. Qb2 {[%emt 0:02:26]} c4 {[%emt 0:01:52]} 22. Be2 {[%emt 0:07:11]} Qd6 {[%emt 0:02:05]} 23. a4 {[%emt 0:03:16]} Re8 {[%emt 0:04:06]} 24. Qa2 {[%emt 0:00:27]} Bc8 {[%emt 0:00:59]} 25. Nd2 {[%emt 0:00:38]} Bf5 {[%emt 0:04:00]} 26. Nf3 {[%emt 0:02:38]} Qf6 {[%emt 0:02:29]} 27. Rb2 {[%emt 0:02:19]} Rec8 {[%emt 0:00:56]} 28. Qa3 {[%emt 0:00:53]} h6 {[%emt 0:02:19]} 29. Rbc2 {[%emt 0:03:13]} Nd6 {[%emt 0:01:04]} 30. Rc3 {[%emt 0:00:27]} Ne4 {[%emt 0:00:03]} 31. R3c2 {[%emt 0:00:19]} g5 32. Nd2 {[%emt 0:01:32]} Nxf2 {[%emt 0:01:51]} 33. Rc3 {[%emt 0:01:19]} Ne4 {[%emt 0:00:49]} 34. Nxe4 {[%emt 0:01:03]} Bxe4 {[%emt 0:00:00]} 35. Rf1 {[%emt 0:00:08]} Qe6 {[%emt 0:00:14]} 36. h3 {[%emt 0:00:31]} Re8 {[%emt 0:00:50]} 37. Bf3 {[%emt 0:00:45]} Bd3 {[%emt 0:00:19]} 38. Re1 {[%emt 0:01:12]} Rce7 {[%emt 0:00:38]} 39. Qc1 {[%emt 0:00:36]} Qd6 {[%emt 0:00:41]} 40. Kf2 {[%emt 0:02:47]} Kg7 {[%emt 0:00:39]} 41. Qb2 {[%emt 0:02:46]} Be4 {[%emt 0:07:04]} 42. Bxe4 {[%emt 0:05:29]} Rxe4 43. g3 {[%emt 0:02:00]} h5 {[%emt 0:03:42] normal} 44. Kg2 {[%emt 0:02:48]} h4 {[%emt 0:04:36]} 45. Qf2 {[%emt 0:02:10] normal} 0-1